Ładuje się......
അനീതിയോടെതിർപ്പിൻ : വാഗ്ഭടാനന്ദൻ
| 1. autor: | |
|---|---|
| Kolejni autorzy: | |
| Format: | Printed Book |
| Wydane: |
Kozhikode
Insight publica
2017
|
| Hasła przedmiotowe: |
| LEADER | 00640nam a22001697a 4500 | ||
|---|---|---|---|
| 020 | |a 9789385899614 | ||
| 082 | |a 923 |b DEV-A | ||
| 100 | |a ദേവേശൻ പേരൂർ | ||
| 245 | |a അനീതിയോടെതിർപ്പിൻ : വാഗ്ഭടാനന്ദൻ | ||
| 260 | |a Kozhikode |b Insight publica |c 2017 | ||
| 300 | |a 120p. | ||
| 650 | |a Aneethiyodethirppin | ||
| 650 | |a Vagbhdanandan | ||
| 700 | |a Devesan Perur | ||
| 942 | |c BK | ||
| 999 | |c 54958 |d 54958 | ||
| 952 | |0 0 |1 0 |4 0 |6 923_000000000000000_DEVA |7 0 |9 69223 |a KU |b KU |c GEN |d 2019-07-03 |e PICO.A2/5736/2013 dtd 02/05/2018 |g 130.00 |l 0 |o 923 DEV-A |p CL03481 |r 2019-07-03 |w 2019-07-03 |y BK | ||